James Bond A-Z - Statistics

General Stats
  • This quiz has been taken 50 times
  • The average score is 15 of 26
Answer Stats
Hint Answer % Correct
B Last name of Bond's arch enemy: Ernst Stavro Blofeld
92%
I Author of James Bond Ian Fleming
90%
J Bond, _____ Bond James
90%
K Licence to Kill
90%
E Henchman named after the king of rock n roll Elvis
87%
M Character played by Bernard Lee, Robert Brown and Judi Dench M
87%
O Name of Maud Adams' character and the name of the movie (Hint: they're an all time high) Octopussy
87%
Q Major Boothroyd's letter initial and the name of the branch he heads Q
85%
S Organization run by Blofeld that's an acronym for Special Executive for Counterintelligence Revenge and Extortion SPECTRE
82%
F Where Max Zorin dies and the first name of Scaramanga: San Francisco
72%
U Actress who plays Honey Ryder Ursula Andres
72%
L Mads Mikkelsen character (French for The Number) Le Chiffre
67%
W Bond's gun of choice Walther PPK
67%
Y 5th Bond movie and the movie where we see Blofeld in the flesh You Only Live Twice
64%
N 3'11" Manservant of Scaramanga Nick Nack
54%
P Diamonds Are Forever's ______ O'Toole Plenty
49%
R Victor Zokas' nickname meaning fox in French Renard
44%
X Famke Jensen's character in GoldenEye Xenia Onatopp
44%
D Claudine Auger's character in Thunderball Domino Derval
41%
V Bond's first love in the books Vesper Lynd
36%
G Alliterating Alias of Tan-Sun Moon Gustav Graves
26%
Z Henchman with diamonds incrusted into his face Zao
26%
A Twist villain of For Your Eyes Only Aristotle Kristatos
23%
H Sir that Bond impersonates in On Her Majesty's Secret Service Hillary Bray
23%
T _______ Johnson, the henchman to Kananga with a robotic arm Tee Hee
23%
C Kronsteen's title Chess Master
13%
No matching quizzes found
Score Distribution
Percent of People with Each Score
Percentile by Number Answered
Your Score History
You have not taken this quiz